Studies in the pollen morphology of South Indian Rubiaceae / (Record no. 65825)
[ view plain ]
| 000 -LEADER | |
|---|---|
| fixed length control field | 00920nam a2200277 a 4500 |
| 001 - CONTROL NUMBER | |
| control field | 65825 |
| 003 - CONTROL NUMBER IDENTIFIER | |
| rucl marc code | BD-RjUL |
| 005 - DATE AND TIME OF LATEST TRANSACTION | |
| control field | 20211209081452.0 |
| 008 - FIXED-LENGTH DATA ELEMENTS--GENERAL INFORMATION | |
| fixed length control field | 170312s1983 ii ||||| |||| 00| 0 eng d |
| 035 ## - SYSTEM CONTROL NUMBER | |
| System control number | (BD-RjUL)65955 |
| 040 ## - CATALOGING SOURCE | |
| Original cataloging agency | BD-RjUL |
| Language of cataloging | eng |
| Transcribing agency | BD-RjUL |
| 041 ## - LANGUAGE CODE | |
| Language code of text/sound track or separate title | eng |
| 082 ## - DEWEY DECIMAL CLASSIFICATION NUMBER | |
| Edition number | 23 |
| Classification number | 571.8452 |
| Author mark and year | MAS 1983 |
| 100 1# - MAIN ENTRY--PERSONAL NAME | |
| Personal name | Mathew, P. M. |
| 9 (RLIN) | 194647 |
| 245 10 - TITLE STATEMENT | |
| Title | Studies in the pollen morphology of South Indian Rubiaceae / |
| Statement of responsibility, etc. | P. M. Mathew, Omana Philip and Edited by P. K .K. Nair |
| 260 ## - PUBLICATION, DISTRIBUTION, ETC. (IMPRINT) | |
| Place of publication, distribution, etc. | New Delhi : |
| Name of publisher, distributor, etc. | Prints India, |
| Date of publication, distribution, etc. | ©1983. |
| 300 ## - PHYSICAL DESCRIPTION | |
| Pagination | 74 p. : |
| Illustrations | ill. ; |
| Size | 25 cm. |
| 490 ## - SERIES STATEMENT | |
| Series statement | Advances in pollen spore research, |
| 504 ## - BIBLIOGRAPHY, ETC. NOTE | |
| Bibliography, etc | Includes bibliographical |
| 650 ## - SUBJECT ADDED ENTRY--TOPICAL TERM | |
| Topical term or geographic name as entry element | Palynology |
| 9 (RLIN) | 170929 |
| Topical term or geographic name as entry element | Psychotria |
| Form subdivision | Pollen |
| General subdivision | Morphology. |
| 9 (RLIN) | 194648 |
| 700 ## - ADDED ENTRY--PERSONAL NAME | |
| Personal name | Philip, Omana |
| Personal name | Nair, P. K .K. |
| 830 ## - SERIES ADDED ENTRY--UNIFORM TITLE | |
| Uniform title | Advances in pollen spore research, |
| Volume number/sequential designation | 10. |
| 942 ## - ADDED ENTRY ELEMENTS (KOHA) | |
| Source of classification or shelving scheme | Dewey Decimal Classification |
| Koha item type | Books |
| Lost status | Source of classification or shelving scheme | Damaged status | Not for loan | Collection code | Permanent Location | Current Location | Shelving location | Date acquired | Source of acquisition | Total Checkouts | Full call number | Date last seen | Copy number | Koha item type |
|---|---|---|---|---|---|---|---|---|---|---|---|---|---|---|
| Dewey Decimal Classification | Not For Loan | Non-fiction | Central Library, University of Rajshahi | Central Library, University of Rajshahi | Reading Room | 06/12/1983 | Asia foundation | 571.8452 MAS 1983 | 12/03/2017 | C-1 | Books |